The structure and performance of US hotel real estate investment trusts (Record no. 81058)

MARC details
000 -LEADER
fixed length control field 01084cab a22002055a 4500
001 - CONTROL NUMBER
control field L146159
008 - FIXED-LENGTH DATA ELEMENTS--GENERAL INFORMATION
fixed length control field 081212s2008 xxkad f s 000 0 eng d
035 ## - SYSTEM CONTROL NUMBER
System control number (Sirsi) u146159
041 0# - LANGUAGE CODE
Language code of text/sound track or separate title eng
100 1# - MAIN ENTRY--PERSONAL NAME
Personal name Jackson, Leonard A.
245 04 - TITLE STATEMENT
Title The structure and performance of US hotel real estate investment trusts
260 ## - PUBLICATION, DISTRIBUTION, ETC.
Date of publication, distribution, etc. 2008
490 #0 - SERIES STATEMENT
Series statement Journal of Retail and Leisure Property
Volume/sequential designation 7(4) 2008, 275-290(16)
520 ## - SUMMARY, ETC.
Summary, etc. Outlines the structure of US REITs (Real Estate Investment Trusts) and examines the performance of a relatively new subsector of the equity REIT market, hotel REITs. Finds that hotel REITs perform better than the equity REIT portfolio. However, hotels REITs are riskier than other equity REITs. Concludes that, on a risk-adjusted basis, hotel REITs did not outperform the market portfolio.
590 ## - LOCAL NOTE (RLIN)
Local note KA
651 #4 - SUBJECT ADDED ENTRY--GEOGRAPHIC NAME
Geographic name United States
Chronological subdivision 1959-
690 ## - LOCAL SUBJECT ADDED ENTRY--TOPICAL TERM (OCLC, RLIN)
Topical term or geographic name as entry element PROPERTY- PROPERTY FINANCE AND INVESTMENT- REAL ESTATE INVESTMENT TRUSTS
690 ## - LOCAL SUBJECT ADDED ENTRY--TOPICAL TERM (OCLC, RLIN)
Topical term or geographic name as entry element PROPERTY-COMMERCIAL PROPERTY-LEISURE PROPERTY-HOLIDAY AND GUEST PROPERTY-HOTEL PROPERTY-HOTELS
942 ## - ADDED ENTRY ELEMENTS (KOHA)
Suppress in OPAC 0
Holdings
Withdrawn status Lost status Source of classification or shelving scheme Damaged status Not for loan Home library Current library Shelving location Date acquired Total Checkouts Full call number Barcode Date last seen Copy number Price effective from Koha item type
    Dewey Decimal Classification     London London Journal article 12/12/2008   L146159 146159-1001 06/08/2019 1 06/08/2019 Journal article